Statistiken für Bezirke Österreichs nach Bevölkerungsdichte

Klicken Sie hier um das Quiz zu spielen!

Allgemein

  • Dieses Quiz wurde 52 mal gespielt
  • Das Durchschnittsergebnis liegt bei 15 aus 20

Antwortstatistiken

EinwohnerzahlFlächeBundeslandDichteBezirk% Korrekt
154.20066 km²Salzburg2.349/km²Salzburg
100%
1.897.500415 km²Wien4.573/km²Wien
100%
288.800127 km²Steiermark2.266/km²Graz
98%
132.100105 km²Tirol1.260/km²Innsbruck
98%
205.70096 km²Oberösterreich2.143/km²Linz
98%
100.800120 km²Kärnten840/km²Klagenfurt am Wörthersee
95%
89.000172 km²Vorarlberg517/km²Dornbirn
88%
38.20027 km²Oberösterreich1.439/km²Steyr
88%
61.70046 km²Oberösterreich1.345/km²Wels
88%
45.30061 km²Niederösterreich744/km²Wiener Neustadt
78%
76.1002.764 km²Kärnten28/km²Spittal an der Drau
75%
44.4001.595 km²Tirol28/km²Landeck
70%
32.7001.236 km²Tirol26/km²Reutte
70%
20.3001.020 km²Salzburg20/km²Tamsweg
65%
18.200809 km²Kärnten23/km²Hermagor
63%
79.9003.315 km²Steiermark24/km²Liezen
58%
27.7001.384 km²Steiermark20/km²Murau
58%
48.8002.019 km²Tirol24/km²Lienz
55%
42.2001.399 km²Niederösterreich30/km²Zwettl
53%
25.800932 km²Niederösterreich28/km²Lilienfeld
45%

Verteilung der Resultate

Perzentil nach korrekt beantworteten Fragen

Anzahl Personen mit jedem Resultat

Ihre Resultats-Entwicklung

Sie haben dieses Quiz noch nicht gespielt